000 00419nam a2200181Ia 4500
001 7847
005 20260306160525.0
008 260306t2006||||xx |||||||||||||| ||spa||
041 _aESP
082 _a362.985
_bF81
100 _aFrancke, Pedro
_eAUT
245 0 _aPolíticas de salud 2006-2011
260 _c2006
300 _a43 páginas :
_c30 cm.
650 _aGEN
654 _aCED
942 _cLIB
_dJUS
_fJUS
_2ddc
_n
999 _c7847
_d7847